005040000a22002170004500650001000000650001300010650002000023650001100043650001800054650002200072650003000094082002200124518001300146530000600159110003200165245003600197260002000233260000900253041000800262300001600270 aWomen aIndustry aGender equality aHealth aWomen workers aWomens employment aInternational conventions a301.412bIn8ncUN a20020814 aM aInternational Labour Office aNight work of women in industry aGenevabILO, CH c2001 aEng aviii, 178p.